Energía solar : aplicaciones prácticas : recopilación de experiencias de 40 países /

Guardado en:
Autor Principal: Rau, Hans, 1905-
Formato: Libro
Idioma:Spanish
German
Publicado: Barcelona : Marcombo, c1984.
Materias:
Etiquetas: Agregar Etiqueta
Sin Etiquetas, Sea el primero en etiquetar este registro!
LEADER 00832nam a22002175a 4500
001 EUN.eunm005331
005 20140528130146.0
008 041125s1984####sp#a#####b####000#0#spa#d
020 |a 8426703828 
041 1 |a spa  |h ger 
082 0 4 |a 523.72  |a 621.47  |2 15 
100 1 |a Rau, Hans,  |d 1905- 
245 1 0 |a Energía solar :  |b aplicaciones prácticas : recopilación de experiencias de 40 países /  |c Hans Rau. 
260 |a Barcelona :  |b Marcombo,  |c c1984. 
300 |a 215 p. :  |b il. ;  |c 22 cm. 
500 |a Traducción de: Heliotechnik : Sonnenenergie in praktischer Anwendung; publicado por Pfriemer. 
504 |a Incluye referencias bibliográficas. 
650 7 |a Energía solar.  |2 unbist 
650 7 |a Sol.  |2 unbist 
650 7 |a Fuentes no convencionales de energía.  |2 unbist 
859 |a AR-BaUNS  |b BIB. CENTRAL - Sector A  |h 523.72  |i R19-1  |p 93329/986